| 000 -LEADER |
| fixed length control field |
01561nam a22001457a 4500 |
| 008 - FIXED-LENGTH DATA ELEMENTS--GENERAL INFORMATION |
| fixed length control field |
230915b ||||| |||| 00| 0 eng d |
| 100 ## - MAIN ENTRY--PERSONAL NAME |
| Personal name |
Chandra, A., Coile, C. and Mommaerts, C. |
| 245 ## - TITLE STATEMENT |
| Title |
What can economics say about Alzheimer’s disease? |
| 260 ## - PUBLICATION, DISTRIBUTION, ETC. (IMPRINT) |
| Place of publication, distribution, etc |
Journal Economic Literature |
| 300 ## - PHYSICAL DESCRIPTION |
| Extent |
62(2), Jun, 2023: p.428-470 |
| 520 ## - SUMMARY, ETC. |
| Summary, etc |
Alzheimer's disease (AD) affects one in ten people aged 65 or older and is the most expensive disease in the United States. We describe the central economic questions raised by AD. Although there is overlap with the economics of aging and health, the defining feature of the "economics of Alzheimer's disease" is an emphasis on choice by cognitively impaired patients that affects health and financial well-being, and situations in which dynamic contracts between patients and caregivers are useful but difficult to enforce. A focus on innovation in AD prevention, treatment, and care is also critical given the enormous social cost of AD and present lack of understanding of its causes, which raises questions of optimal resource allocation and alignment of private and social incentives. The enormous scope for economists to contribute to our understanding of AD-related issues including drug development, efficient care delivery, dynamic contracting, long-term care risk, financial decision-making, and the design of public programs for AD suggests a rich research program for many areas of economics.- Reproduced |
| 773 ## - HOST ITEM ENTRY |
| Main entry heading |
Journal Economic Literature |
| 906 ## - LOCAL DATA ELEMENT F, LDF (RLIN) |
| Subject DIP |
HEALTH SERVICES |
| 942 ## - ADDED ENTRY ELEMENTS (KOHA) |
| Item type |
Articles |